000 00272nam a2200109Ia 4500
008 190907s9999||||xx |||||||||||||| ||und||
100 _aColliers Jardine
245 0 _aAsia Pacific Business Guide 1997
260 _aNewYork
_bFamous Books
_c1997
300 _a204
942 _cBK
999 _c6453
_d6453